[Event "Treviglio Province-ch"]
[Site "Treviglio"]
[Date "2014.01.26"]
[Round "5"]
[White "Leoni, Livio"]
[Black "Corbellini, Nicola"]
[Result "1/2-1/2"]
[WhiteElo "2052"]
[BlackElo "1938"]
[PlyCount "89"]
[EventDate "2014.01.18"]
[EventType "swiss"]
[EventRounds "6"]
[EventCountry "ITA"]
[SourceTitle "EXT 2016"]
[Source "ChessBase"]
[SourceDate "2015.10.08"]
[SourceVersion "1"]
[SourceVersionDate "2015.10.08"]
[SourceQuality "1"]

1. e4 c5 2. Nf3 d6 3. d4 cxd4 4. Nxd4 Nf6 5. Nc3 a6 6. Be3 e6 7. f3 b5 8. Qd2 Nbd7 9. g4 Nb6 10. 0-0-0 Bb7 11. g5 Nfd7 12. Bd3 Rc8 13. Kb1 Qc7 14. h4 Ne5 15. Qf2 Nbc4 16. Bc1 b4 17. Nce2 d5 18. f4 dxe4 19. Bxc4 Nxc4 20. Rhf1 Bc5 21. h5 Bd5 22. g6 hxg6 23. hxg6 f6 24. Rh1 Ke7 25. Rh4 Qa5 26. b3 Nd6 27. Qh2 Rhg8 28. Rh7 Bxd4 29. Nxd4 Nb5 30. Nxb5 axb5 31. Bb2 Kf8 32. Rh8 Qc7 33. Rxg8+ Kxg8 34. Qh7+ Kf8 35. Qh8+ Ke7 36. Qxg7+ Kd6 37. Qxc7+ Kxc7 38. Bxf6 Rg8 39. g7 Kd7 40. Rh1 Ke8 41. Rh8 Kf7 42. Kc1 e3 43. Rxg8 Kxg8 44. Kd1 Be4 45. c3 1/2-1/2

[Event "Treviglio Province-ch"]
[Site "Treviglio"]
[Date "2014.01.25"]
[Round "4"]
[White "Raimondi, Celso"]
[Black "Leoni, Livio"]
[Result "0-1"]
[WhiteElo "1666"]
[BlackElo "2052"]
[PlyCount "94"]
[EventDate "2014.01.18"]
[EventType "swiss"]
[EventRounds "6"]
[EventCountry "ITA"]
[SourceTitle "EXT 2016"]
[Source "ChessBase"]
[SourceDate "2015.10.08"]
[SourceVersion "1"]
[SourceVersionDate "2015.10.08"]
[SourceQuality "1"]

1. d4 Nf6 2. c4 e6 3. Nc3 Bb4 4. Qc2 0-0 5. a3 Bxc3+ 6. Qxc3 d6 7. Bg5 Nbd7 8. Nf3 b6 9. e3 Bb7 10. Nd2 c5 11. f3 Rc8 12. Bd3 cxd4 13. exd4 d5 14. b3 Re8 15. 0-0 h6 16. Bh4 Qc7 17. Rfe1 dxc4 18. bxc4 Nd5 19. Qc2 b5 20. c5 e5 21. Bg3 Qc6 22. Ne4 Re6 23. Nd6 Rxd6 24. cxd6 Qxc2 25. Bxc2 Rxc2 26. dxe5 Nc3 27. e6 fxe6 28. Rxe6 Ne2+ 29. Kh1 Nxg3+ 30. hxg3 Bc6 31. Rae1 Nf6 32. Re7 Bd7 33. Rxd7 Nxd7 34. Re7 Nf8 35. d7 Rd2 36. d8Q Rxd8 37. Rxa7 Rb8 38. g4 Ne6 39. Kg1 Nc5 40. Rc7 Nd3 41. Rc3 Rd8 42. Rb3 Rd5 43. Kh2 Kf7 44. g3 Ke6 45. f4 Kd6 46. Kg2 Kc6 47. Kf3 Nc5 0-1

[Event "Bergamo op 10th"]
[Site "Bergamo"]
[Date "2011.07.17"]
[Round "5"]
[White "Arnaudov, Petar G"]
[Black "Leoni, Livio"]
[Result "1-0"]
[WhiteElo "2439"]
[BlackElo "2020"]
[PlyCount "69"]
[EventDate "2011.07.15"]
[EventType "swiss"]
[EventRounds "6"]
[EventCountry "ITA"]
[SourceTitle "EXT 2023"]
[Source "ChessBase"]
[SourceDate "2022.10.05"]
[SourceVersion "1"]
[SourceVersionDate "2022.10.05"]
[SourceQuality "1"]

1. Nf3 c5 2. c4 Nc6 3. d4 cxd4 4. Nxd4 Qb6 5. Nb3 Nf6 6. Nc3 e6 7. a3 d5 8. cxd5 exd5 9. Be3 Qd8 10. g3 Be6 11. Bg2 Be7 12. 0-0 0-0 13. Nd4 Bd7 14. h3 Re8 15. Rc1 Nxd4 16. Bxd4 Bc6 17. Qb3 Ne4 18. Rfd1 Qa5 19. Kh2 Rad8 20. e3 Bf8 21. Qa2 Nxc3 22. Bxc3 Qb5 23. Rd2 Rd7 24. Rcd1 Red8 25. Qb1 g6 26. Bf6 Re8 27. Qa2 Re6 28. Bc3 Red6 29. Bb4 Re6 30. Bxf8 Kxf8 31. Qb1 Re4 32. Rd4 Re8 33. R1d2 f5 34. Qd1 Kg7 35. g4 1-0

[Event "Bergamo op 10th"]
[Site "Bergamo"]
[Date "2011.07.16"]
[Round "3"]
[White "Cattaneo, Marco"]
[Black "Leoni, Livio"]
[Result "1/2-1/2"]
[WhiteElo "1991"]
[BlackElo "2020"]
[PlyCount "44"]
[EventDate "2011.07.15"]
[EventType "swiss"]
[EventRounds "6"]
[EventCountry "ITA"]
[SourceTitle "EXT 2023"]
[Source "ChessBase"]
[SourceDate "2022.10.05"]
[SourceVersion "1"]
[SourceVersionDate "2022.10.05"]
[SourceQuality "1"]

1. d4 Nf6 2. Nf3 e6 3. c4 b6 4. a3 Bb7 5. Nc3 d5 6. cxd5 Nxd5 7. Qc2 Be7 8. e4 Nxc3 9. bxc3 0-0 10. Bd3 c5 11. 0-0 Qc8 12. Qe2 Ba6 13. Rd1 Bxd3 14. Rxd3 cxd4 15. cxd4 Rd8 16. Bb2 Nd7 17. Rc1 Qa6 18. Rd2 Qxe2 19. Rxe2 Rac8 20. Rec2 Rxc2 21. Rxc2 Nc5 22. Ne5 Kf8 1/2-1/2

[Event "Bergamo op 09th"]
[Site "Bergamo"]
[Date "2010.07.18"]
[Round "5"]
[White "Leoni, Livio"]
[Black "Angelini, Marco"]
[Result "0-1"]
[WhiteElo "2015"]
[BlackElo "2103"]
[PlyCount "54"]
[EventDate "2010.07.16"]
[EventType "swiss"]
[EventRounds "6"]
[EventCountry "ITA"]
[SourceTitle "EXT 2024"]
[Source "ChessBase"]
[SourceDate "2023.10.10"]
[SourceVersion "1"]
[SourceVersionDate "2023.10.10"]
[SourceQuality "1"]

1. e4 c5 2. Nf3 d6 3. d4 cxd4 4. Nxd4 Nf6 5. Nc3 a6 6. f3 e6 7. Be3 Nbd7 8. g4 h6 9. Qd2 b5 10. 0-0-0 Bb7 11. Bd3 b4 12. Nce2 d5 13. Nf4 dxe4 14. Bc4 Qc7 15. Bxe6 fxe6 16. Ndxe6 Qa5 17. Kb1 g5 18. Nxf8 Rxf8 19. Nh5 Bd5 20. b3 Be6 21. Ng7+ Kf7 22. Nxe6 Kxe6 23. h4 Nd5 24. Bd4 Rf4 25. hxg5 e3 26. Rhe1 Rxd4 27. Rxe3+ Nxe3 0-1

[Event "Bergamo op 09th"]
[Site "Bergamo"]
[Date "2010.07.17"]
[Round "3"]
[White "Leoni, Livio"]
[Black "Stips, Felix"]
[Result "1/2-1/2"]
[WhiteElo "2015"]
[BlackElo "2206"]
[PlyCount "56"]
[EventDate "2010.07.16"]
[EventType "swiss"]
[EventRounds "6"]
[EventCountry "ITA"]
[SourceTitle "EXT 2024"]
[Source "ChessBase"]
[SourceDate "2023.10.10"]
[SourceVersion "1"]
[SourceVersionDate "2023.10.10"]
[SourceQuality "1"]

1. e4 d5 2. exd5 Qxd5 3. Nc3 Qd6 4. d4 Nf6 5. Nf3 c6 6. g3 Bg4 7. Bg2 e6 8. 0-0 Be7 9. h3 Bh5 10. Bf4 Qd8 11. g4 Bg6 12. Ne5 Nbd7 13. Nxg6 hxg6 14. Qd3 Nb6 15. Ne2 Bd6 16. Rfe1 0-0 17. Bg5 Qc7 18. c4 Rfd8 19. Qc2 Be7 20. Bf4 Qc8 21. Qb3 Rd7 22. a4 Rd8 23. a5 Nbd7 24. Qa4 a6 25. b4 Nb8 26. Rec1 Qd7 27. Rd1 Bd6 28. Bg5 Be7 1/2-1/2

[Event "Bergamo op 09th"]
[Site "Bergamo"]
[Date "2010.07.16"]
[Round "1"]
[White "Leoni, Livio"]
[Black "Pucovski, Miroslav"]
[Result "1/2-1/2"]
[WhiteElo "2015"]
[BlackElo "2307"]
[PlyCount "50"]
[EventDate "2010.07.16"]
[EventType "swiss"]
[EventRounds "6"]
[EventCountry "ITA"]
[SourceTitle "EXT 2024"]
[Source "ChessBase"]
[SourceDate "2023.10.10"]
[SourceVersion "1"]
[SourceVersionDate "2023.10.10"]
[SourceQuality "1"]

1. e4 c5 2. Nf3 Nc6 3. d4 cxd4 4. Nxd4 e5 5. Nb5 d6 6. N1c3 a6 7. Na3 b5 8. Nd5 Nce7 9. Bg5 h6 10. Bxb5+ axb5 11. Nxb5 Ra6 12. Ndc7+ Kd7 13. Bh4 Rb6 14. Qd3 g5 15. 0-0-0 Ng6 16. Bg3 Nf6 17. Qc4 Rh7 18. Bxe5 Nxe5 19. Qc5 Rxb5 20. Nxb5 Ke6 21. Nd4+ Kd7 22. Qb5+ Kc7 23. Qa5+ Kd7 24. Qb5+ Kc7 25. Qa5+ Kd7 1/2-1/2

[Event "Crema op 11th"]
[Site "Crema"]
[Date "2009.09.06"]
[Round "5"]
[White "Leoni, Livio"]
[Black "Frugoni, Giulio"]
[Result "1-0"]
[WhiteElo "2017"]
[BlackElo "1762"]
[PlyCount "55"]
[EventDate "2009.09.04"]
[EventType "swiss"]
[EventRounds "6"]
[EventCountry "ITA"]
[SourceTitle "EXT 2011"]
[Source "ChessBase"]
[SourceDate "2010.11.26"]
[SourceVersion "1"]
[SourceVersionDate "2010.11.26"]
[SourceQuality "1"]

1. e4 c5 2. Nf3 Nc6 3. Nc3 d6 4. d4 cxd4 5. Nxd4 a6 6. Be3 Nf6 7. f3 e6 8. Qd2 Nxd4 9. Bxd4 e5 10. Be3 Be7 11. 0-0-0 0-0 12. g4 b5 13. g5 Ne8 14. h4 Qa5 15. Kb1 Bb7 16. Nd5 Bd8 17. Qf2 Bxd5 18. Rxd5 Rc8 19. Bh3 Rc4 20. b3 Qa3 21. Bc1 Rxc2 22. Qxc2 Qa5 23. Be3 Bb6 24. Bd2 Qa3 25. Qb2 Bc5 26. Qxa3 Bxa3 27. b4 Nc7 28. Rd3 1-0